<Die> Bankenstruktur am Platz Frankfurt.

Bankové zoskupenia vo Frankfurte: veľké a malé súkromné banky, verejno-právne inštitúcie, zahraničné banky a i. Banky s hlavným sídlom vo Frankfurte n/Mohanom. Porovnanie jednotlivých skupín podľa bilančných súm na 1 pracovníka. Porovnanie s inými bankovými centrami v Nemecku.

Guardado en:
Detalles Bibliográficos
Autor principal: Moormann, J.
Formato: Capítulo de libro
Lenguaje:alemán
Materias:
Etiquetas: Agregar Etiqueta
Sin Etiquetas, Sea el primero en etiquetar este registro!

MARC

LEADER 00000naa a2200000 4500
001 r007033
005 20221130103522.7
041 0 |a ger 
044 |a DE 
245 1 0 |a <Die> Bankenstruktur am Platz Frankfurt.  |c J. Moormann 
520 |a Bankové zoskupenia vo Frankfurte: veľké a malé súkromné banky, verejno-právne inštitúcie, zahraničné banky a i. Banky s hlavným sídlom vo Frankfurte n/Mohanom. Porovnanie jednotlivých skupín podľa bilančných súm na 1 pracovníka. Porovnanie s inými bankovými centrami v Nemecku. 
610 2 0 |a banky 
610 2 0 |a Frankfurt nad Mohanom 
610 2 0 |a štruktúra organizačná 
100 1 |a Moormann, J.